00992nam a2200265Ia 450000500170000000800300001702000180004710000490006524501230011425000220023726400260025930000410028533600270032633700330035333800280038649000380041453400620045265000370051465000420055165000260059365000240061970000370064304000350068008400110071520220317000350.0141031s2014 s apa g s  a97884206833621 aMolière, Jean Baptiste Poquelind1622-167310aTartufo o el impostor ; Don Juan o el festín de piedracMoliére ; traducido y prologado por Carlos R. de Dampierre aSegunda edición 1aMadridbAlianzac2014 a268 páginasbilustracionesc21 cm. atextobtxt2rdacontent asin mediaciónbn2rdamedia avolumenbnc2rdacarrier aEl libro de bolsillo Literatura tTartuffe ou l´impostur - Dom Juan ou le festin de pierre142LEMBaTeatro francesySiglo XVII142LEMBaLiteratura francesaySiglo XVII142LEMBaComediavTeatro142LEMBaDramavTeatro1 aCorrea Motta, Alfonsoetraductor aCO-BoRNBPbspaerdacCO-BoRNBP aT MOL1